| 000 | 00702nam a2200169Ia 4500 | ||
|---|---|---|---|
| 008 | 090124s9999 xx 000 0 und d | ||
| 082 |
_b29855 _a704 |
||
| 100 | _aजायस्वाल जयनारायण | ||
| 245 | _a चुंबक चिकित्सा शास्त्र व प्रयोग | ||
| 250 | _a0 | ||
| 300 | _a80 | ||
| 600 | _aजायस्वाल जयनारायण | ||
| 630 | _a चुंबक चिकित्सा शास्त्र व प्रयोग | ||
| 700 | _aजायस्वाल जयनारायण | ||
| 730 | _a चुंबक चिकित्सा शास्त्र व प्रयोग | ||
| 942 | _cBOOK | ||
| 999 |
_c143337 _d143337 |
||